Online pokladnica - pomoc alebo marketingový ťah ministerstva?
Rezort financií je presvedčený, že nové online pokladnice umožnia prehľadnejšiu evidenciu. Ich zavedenie bude síce praktické a univerzálne, no prinesie so sebou aj väčšiu kontrolu zo strany štátu.
Uložené v:
| Hlavný autor: | |
|---|---|
| Médium: | Kapitola |
| Jazyk: | Slovak |
| Predmet: | |
| Tagy: |
Žiadne tagy, Buďte prvý, kto otaguje tento záznam!
|
MARC
| LEADER | 00000naa a2200000 4500 | ||
|---|---|---|---|
| 001 | 0194720 | ||
| 005 | 20231208070320.8 | ||
| 041 | 0 | |a slo | |
| 044 | |a SK | ||
| 245 | 1 | 0 | |a Online pokladnica - pomoc alebo marketingový ťah ministerstva? |c Adam Valček |
| 520 | |a Rezort financií je presvedčený, že nové online pokladnice umožnia prehľadnejšiu evidenciu. Ich zavedenie bude síce praktické a univerzálne, no prinesie so sebou aj väčšiu kontrolu zo strany štátu. | ||
| 610 | 2 | 0 | |a pokladnice registračné |
| 610 | 2 | 0 | |a elektronizácia |
| 610 | 2 | 0 | |a Slovensko |
| 100 | 1 | |a Valček, Adam | |